<?xml version="1.0" encoding="UTF-8"?>
<record
    xmlns:xsi="http://www.w3.org/2001/XMLSchema-instance"
    xsi:schemaLocation="http://www.loc.gov/MARC21/slim http://www.loc.gov/standards/marcxml/schema/MARC21slim.xsd"
    xmlns="http://www.loc.gov/MARC21/slim">

  <leader>01074cam a2200325 a 4500</leader>
  <controlfield tag="001">1282</controlfield>
  <controlfield tag="003">CUTN</controlfield>
  <controlfield tag="005">20130611115518.0</controlfield>
  <controlfield tag="008">971120m19969999ii            000 0akano </controlfield>
  <datafield tag="010" ind1=" " ind2=" ">
    <subfield code="a">   97905803 </subfield>
  </datafield>
  <datafield tag="020" ind1=" " ind2=" ">
    <subfield code="a">8183800750 (v. 2)</subfield>
  </datafield>
  <datafield tag="025" ind1=" " ind2=" ">
    <subfield code="a">I-Kan-97-905803; 12</subfield>
  </datafield>
  <datafield tag="040" ind1=" " ind2=" ">
    <subfield code="a">DLC</subfield>
    <subfield code="c">DLC</subfield>
  </datafield>
  <datafield tag="042" ind1=" " ind2=" ">
    <subfield code="a">lcode</subfield>
  </datafield>
  <datafield tag="043" ind1=" " ind2=" ">
    <subfield code="a">a-ii---</subfield>
  </datafield>
  <datafield tag="050" ind1="0" ind2="0">
    <subfield code="a">PL4659.S5529</subfield>
    <subfield code="b">Z87 1996</subfield>
  </datafield>
  <datafield tag="100" ind1="0" ind2=" ">
    <subfield code="a">Siddhali&#x1E45;gayya,</subfield>
    <subfield code="c">Dr.</subfield>
    <subfield code="z">SID</subfield>
  </datafield>
  <datafield tag="245" ind1="1" ind2="0">
    <subfield code="a">&#x16A;ru k&#x113;ri :</subfield>
    <subfield code="b">&#x101;tmakathana /</subfield>
    <subfield code="c">&#x1E0C;&#x101;. Siddhali&#x1E45;gayya ; hinnu&#x1E0D;i, &#x1E0C;i. &#x100;r. N&#x101;gar&#x101;j.</subfield>
  </datafield>
  <datafield tag="246" ind1="1" ind2=" ">
    <subfield code="a">Title on t.p. verso of v. 2 :</subfield>
    <subfield code="i">Ooru keri</subfield>
  </datafield>
  <datafield tag="250" ind1=" " ind2=" ">
    <subfield code="a">1st ed.</subfield>
  </datafield>
  <datafield tag="260" ind1=" " ind2=" ">
    <subfield code="a">Hegg&#x14D;&#x1E0D;u, S&#x101;gara :</subfield>
    <subfield code="b">Ak&#x1E63;ara Prak&#x101;&#x15B;ana,</subfield>
    <subfield code="c">1996-&lt;2006 &gt;</subfield>
  </datafield>
  <datafield tag="300" ind1=" " ind2=" ">
    <subfield code="a">v. &lt;1-2&gt; ;</subfield>
    <subfield code="c">19 cm.</subfield>
  </datafield>
  <datafield tag="520" ind1=" " ind2=" ">
    <subfield code="a">Autobiography of a 20th century Kannada poet.</subfield>
  </datafield>
  <datafield tag="546" ind1=" " ind2=" ">
    <subfield code="a">In Kannada.</subfield>
  </datafield>
  <datafield tag="600" ind1="0" ind2="0">
    <subfield code="a">Siddhali&#x1E45;gayya,</subfield>
    <subfield code="c">Dr.</subfield>
  </datafield>
  <datafield tag="650" ind1=" " ind2="0">
    <subfield code="a">Poets, Kannada</subfield>
    <subfield code="y">20th century</subfield>
    <subfield code="x">Biography.</subfield>
  </datafield>
  <datafield tag="906" ind1=" " ind2=" ">
    <subfield code="a">7</subfield>
    <subfield code="b">cbc</subfield>
    <subfield code="c">origode</subfield>
    <subfield code="d">2</subfield>
    <subfield code="e">ncip</subfield>
    <subfield code="f">19</subfield>
    <subfield code="g">y-gencatlg</subfield>
  </datafield>
  <datafield tag="942" ind1=" " ind2=" ">
    <subfield code="2">ddc</subfield>
    <subfield code="c">BOOKS</subfield>
  </datafield>
  <datafield tag="999" ind1=" " ind2=" ">
    <subfield code="c">4258</subfield>
    <subfield code="d">4258</subfield>
  </datafield>
  <datafield tag="952" ind1=" " ind2=" ">
    <subfield code="r">2015-02-24 00:00:00</subfield>
    <subfield code="l">1</subfield>
    <subfield code="m">1</subfield>
    <subfield code="o">894.81417109</subfield>
    <subfield code="p">1282</subfield>
    <subfield code="s">2015-02-03</subfield>
    <subfield code="t">1</subfield>
    <subfield code="w">2013-06-11</subfield>
    <subfield code="y">BOOKS</subfield>
    <subfield code="1">0</subfield>
    <subfield code="2">ddc</subfield>
    <subfield code="4">0</subfield>
    <subfield code="7">0</subfield>
    <subfield code="0">0</subfield>
    <subfield code="a">CUTN</subfield>
    <subfield code="b">CUTN</subfield>
    <subfield code="c">800</subfield>
    <subfield code="d">2013-06-11</subfield>
  </datafield>
</record>
